Movies Quiz

Random Movies or Clickable Quiz
Score 0/12 Timer 04:00
0 Plays Today
% Correct
Rupert Friend
62%
Gabriel Byrne
57.7%
Ben Affleck
56.3%
Ben Whishaw
53.5%
Daniel Day-Lewis
53.5%
Denzel Washington
53.5%
Heath Ledger
52.1%
Guy Pearce
46.5%
Ewan McGregor
45.1%
Colin Firth
43.7%
Joaquin Phoenix
35.2%
Jonathan Rhys Meyers
21.1%
Remove Ads.
Support Sporcle.
Get the best of Sporcle when you Go Orange. This ad-free experience offers more features, more stats, and more fun while also helping to support Sporcle. Thank you for becoming a member.

You're not logged in!

Compare scores with friends on all Sporcle quizzes.
OR
Log In

Show Comments

Extras

Top Quizzes Today


Score Distribution

Your Account Isn't Verified!

In order to create a playlist on Sporcle, you need to verify the email address you used during registration. Go to your Sporcle Settings to finish the process.

Report this User

Report this user for behavior that violates our Community Guidelines.

Details: